00428nam a2200145Ia 4500008004100000082001000041100001800051245002900069260000800098630002900106730002900135942000900164999001900173952009000192100328s9999 xx 000 0 und d b69500 aGhose Vijaya. aLimca Book Records 1997. b--- aLimca Book Records 1997. aLimca Book Records 1997. cBOOK c555230d555227 00104070aRNVbRNVd2010-03-28l0pRNV-69500r2010-03-28 00:00:00w2010-03-28yBOOK